|
|
|
|
| LEADER |
03066nam a22004697i 4500 |
| 001 |
34243 |
| 003 |
BD-DhAAL |
| 005 |
20211110120557.0 |
| 008 |
190106t2013 njua 001 0 eng d |
| 999 |
|
|
|c 40317
|d 40317
|
| 010 |
|
|
|a 2013933950
|
| 015 |
|
|
|a GBB303489
|2 bnb
|
| 016 |
7 |
|
|a 016252009
|2 Uk
|
| 020 |
|
|
|a 9788126543281
|
| 020 |
|
|
|a 9781118504222
|
| 020 |
|
|
|a 1118504224
|
| 035 |
|
|
|a (OCoLC)ocn812249566
|
| 040 |
|
|
|a BTCTA
|b eng
|c BTCTA
|e rda
|d SA$
|d OCLCO
|d UKMGB
|d YDXCP
|d BWX
|d DEBSZ
|d TXI
|d OCLCA
|d UPZ
|d DLC
|d BD-DhAAL
|
| 042 |
|
|
|a lccopycat
|
| 050 |
0 |
0 |
|a QA76.9.D343
|b H87 2013
|
| 082 |
0 |
4 |
|a 005.75
|2 23
|
| 100 |
1 |
|
|a Hurwitz, Judith.
|9 29877
|
| 245 |
1 |
0 |
|a Big data for dummies /
|c by Judith Hurwitz, Alan Nugent, Fern Halper, and Marcia Kaufman.
|
| 246 |
3 |
0 |
|a Big data
|
| 260 |
|
|
|a Hoboken, NJ :
|b For Dummies, a Wiley brand,
|c 2013
|
| 300 |
|
|
|a xxii, 312 pages :
|b illustrations ;
|c 24 cm.
|
| 490 |
1 |
|
|a For dummies
|
| 500 |
|
|
|a Includes index.
|
| 505 |
0 |
|
|a Grasping the fundamentals of big data -- Examining big data types -- Old meets new: distributed computing -- Digging into the big data technology components -- Virtualization and how it supports distributed computing -- Examining the cloud and big data -- Operational databases -- MapReduce fundamentals -- Exploring the world of Hadoop -- The Hadoop foundation and ecosystem -- Appliances and big data warehouses -- Defining big data analytics -- Understanding text analytics and big data -- Customized approaches for analysis of big data -- Integrating data sources -- Dealing with real-time data streams and complex event processing -- Operationalizing big data -- Applying big data within your organization -- Security and governance for big data environments -- The importance of big data to business -- Analyzing data in motion: a real-world view -- Improving business processes with big data analytics: a real-world view -- Ten big data best practices -- Ten great big data resources -- Ten big data do's and don'ts.
|
| 520 |
|
|
|a Explains big data in detail and discusses how to select and implement a solution, security concerns to consider, data storage and presentation issues, analytics, and much more.
|
| 526 |
|
|
|a CSE
|
| 541 |
|
|
|a Hye Trade International
|e 34243, 34244
|
| 650 |
|
0 |
|a Big data
|x Social aspects.
|9 29878
|
| 650 |
|
0 |
|a Internet
|x Social aspects.
|9 29879
|
| 650 |
|
0 |
|a Electronic information resources
|x Social aspects.
|9 29880
|
| 650 |
|
0 |
|a Technological innovations
|x Social aspects.
|9 29881
|
| 650 |
|
0 |
|a Social change.
|9 29882
|
| 650 |
|
0 |
|a Computer science.
|9 42480
|
| 852 |
|
|
|a Ayesha Abed Library
|c General Stacks
|
| 942 |
|
|
|2 ddc
|c BK
|
| 952 |
|
|
|0 0
|1 0
|2 ddc
|4 0
|6 005_750000000000000_HUR
|7 0
|9 64974
|a BRACUL
|b BRACUL
|c GEN
|d 2019-01-30
|e Hye Trade International
|g 617.00
|l 9
|m 70
|o 005.75 HUR
|p 3010034243
|r 2026-01-03
|s 2025-12-11
|t 1
|v 617.00
|w 2019-01-30
|y BK
|
| 952 |
|
|
|0 0
|1 0
|2 ddc
|4 0
|6 005_750000000000000_HUR
|7 0
|9 64975
|a BRACUL
|b BRACUL
|c GEN
|d 2019-01-30
|e Hye Trade International
|g 617.00
|l 6
|m 59
|o 005.75 HUR
|p 3010034244
|r 2025-11-16
|s 2025-10-19
|t 2
|v 617.00
|w 2019-01-30
|y BK
|